| 000 | 00726nam a22001577a 4500 | ||
|---|---|---|---|
| 003 | OSt | ||
| 005 | 20160121104141.0 | ||
| 008 | 160121b xxu||||| |||| 00| 0 eng d | ||
| 040 | _cRUA | ||
| 082 | _aGRS EM 2006 B368 Or.1 | ||
| 100 |
_96712 _aEM, PHEA. |
||
| 245 | _aThe extensive culture of blood cockle in koh kchang village, sangkato chrov, khan prey nup, sihanouk ville (ការចិញ្ចឹមគ្រែងឈាមបែបវិបុលវប្បកម្មនៅភូមិកោះខ្យងសង្កាត់អូរជ្រៅខណ្ឌព្រៃនប់ក្រុងព្រះសីហនុ) | ||
| 260 |
_aPhnom Penh _bRUA _c2006 |
||
| 300 |
_avi, 19p. _bill. _c29cm. |
||
| 942 |
_2ddc _cGRS |
||
| 999 |
_c6285 _d6285 |
||